[Event "2. Bundesliga Ost 2015/2016"]
[Site "Wien"]
[Date "2015.10.17"]
[Round "1"]
[Board "1"]
[White "Weinzettl, Ernst"]
[Black "Jankovic, Alojzije"]
[Result "1/2-1/2"]
[WhiteElo "2299"]
[BlackElo "2559"]
[PlyCount "57"]
[EventDate "2015.10.17"]
[EventType "team"]
[EventRounds "11"]
[EventCountry "AUT"]
[WhiteTeam "ASVOE VHS Poechlarn"]
[BlackTeam "SK Advisory Invest Baden"]

1. e4 c5 2. Nf3 Nc6 3. Bb5 e6 4. Bxc6 bxc6 5. d3 Ne7 6. Bd2 f6 7. Nh4 g6 8. f4
Bg7 9. Nf3 O-O 10. O-O e5 11. fxe5 fxe5 12. Na3 h6 13. Nc4 d6 14. Ba5 Qd7 15.
Qe2 g5 16. Nfd2 Ng6 17. Rxf8+ Bxf8 18. g3 d5 19. Ne3 Rb8 20. Qh5 Nh8 21. Rf1
Qd6 22. exd5 cxd5 23. Bc7 Qxc7 24. Nxd5 Qd8 25. Nf6+ Kg7 26. Ne8+ Kg8 27. Nf6+
Kg7 28. Ne8+ Kg8 29. Nf6+ 1/2-1/2

[Event "2. Bundesliga Ost 2015/2016"]
[Site "Wien"]
[Date "2015.10.17"]
[Round "1"]
[Board "2"]
[White "Sharashenidze, Akaki"]
[Black "Loeffler, Stefan"]
[Result "1-0"]
[WhiteElo "2321"]
[BlackElo "2386"]
[PlyCount "81"]
[EventDate "2015.10.17"]
[EventType "team"]
[EventRounds "11"]
[EventCountry "AUT"]
[WhiteTeam "SK Advisory Invest Baden"]
[BlackTeam "ASVOE VHS Poechlarn"]

1. e4 Nf6 2. e5 Nd5 3. d4 d6 4. Nf3 dxe5 5. Nxe5 c6 6. c4 Nb4 7. Be3 Bf5 8. Nd3
e5 9. Nxb4 Bxb4+ 10. Nc3 Qa5 11. Qc1 exd4 12. Bxd4 O-O 13. Be2 Re8 14. O-O Bc5
15. Rd1 Na6 16. Qg5 Bxd4 17. Rxd4 f6 18. Qf4 Re7 19. Rad1 Rae8 20. Bf1 Bc2 21.
R1d2 Bg6 22. Rd7 Rxd7 23. Rxd7 Nc5 24. Rd1 Qb4 25. Qd2 a5 26. f3 a4 27. a3 Qb3
28. Qf2 Ne6 29. c5 Ra8 30. f4 Bf5 31. h3 h5 32. Rd2 Ra5 33. Be2 Rxc5 34. g4
Rxc3 35. bxc3 hxg4 36. hxg4 Be4 37. Qe3 Bd5 38. Bd1 Qxa3 39. Rxd5 cxd5 40.
Qxe6+ Kh8 41. Qe8+ 1-0

[Event "2. Bundesliga Ost 2015/2016"]
[Site "Wien"]
[Date "2015.10.17"]
[Round "1"]
[Board "3"]
[White "Ganaus, Hannes"]
[Black "Juenger, Heinz"]
[Result "1-0"]
[WhiteElo "2279"]
[BlackElo "2123"]
[PlyCount "93"]
[EventDate "2015.10.17"]
[EventType "team"]
[EventRounds "11"]
[EventCountry "AUT"]
[WhiteTeam "ASVOE VHS Poechlarn"]
[BlackTeam "SK Advisory Invest Baden"]

1. d4 d5 2. c4 dxc4 3. e3 Nf6 4. Bxc4 e6 5. Nf3 c5 6. O-O a6 7. Bb3 cxd4 8.
exd4 Nc6 9. Nc3 Be7 10. a3 O-O 11. Be3 b5 12. d5 exd5 13. Nxd5 Nxd5 14. Bxd5
Bb7 15. Ne5 Na5 16. Bxb7 Nxb7 17. Nd7 Bd6 18. Nxf8 Qxf8 19. Qf3 Nc5 20. Bxc5
Bxc5 21. Rac1 Bd4 22. Rc2 h6 23. Rd1 Bf6 24. g3 Rb8 25. Rdc1 Bg5 26. Re1 Bf6
27. Qc6 Qd8 28. Rce2 Qb6 29. Re8+ Kh7 30. Qc2+ g6 31. Rxb8 Qxb8 32. b4 Qd6 33.
Rd1 Qe6 34. Qd3 Kg7 35. Qd5 Qe2 36. Rd3 h5 37. h4 Qc2 38. Kg2 Qe2 39. Rf3 Qe7
40. Qc6 Qe6 41. Qxe6 fxe6 42. Re3 Bb2 43. Kf3 Kf6 44. Ke4 g5 45. Rb3 Ba1 46.
Rb1 Bc3 47. Kd3 1-0

[Event "2. Bundesliga Ost 2015/2016"]
[Site "Wien"]
[Date "2015.10.17"]
[Round "1"]
[Board "4"]
[White "Dzierzenga, Stefan"]
[Black "Wilke, Werner"]
[Result "1/2-1/2"]
[WhiteElo "2186"]
[BlackElo "2260"]
[PlyCount "95"]
[EventDate "2015.10.17"]
[EventType "team"]
[EventRounds "11"]
[EventCountry "AUT"]
[WhiteTeam "SK Advisory Invest Baden"]
[BlackTeam "ASVOE VHS Poechlarn"]

1. e4 c5 2. Nc3 e6 3. Nge2 a6 4. d4 cxd4 5. Nxd4 b5 6. Bd3 Bb7 7. O-O Bc5 8.
Nb3 Bb6 9. Qg4 Nf6 10. Qxg7 Rg8 11. Qh6 Rg6 12. Qh4 b4 13. Na4 Nxe4 14. Qxd8+
Bxd8 15. f3 Nf6 16. Bxg6 hxg6 17. Bg5 Bc6 18. Nac5 a5 19. Kh1 a4 20. Nd4 Ra5
21. Nxc6 Nxc6 22. Bxf6 Bxf6 23. Nd3 Rb5 24. a3 b3 25. c3 Na5 26. Rfe1 Nc4 27.
Re4 d5 28. Re2 Kf8 29. f4 Nd6 30. Rc1 Kg7 31. g3 Be7 32. Kg2 Ra5 33. Kf3 Ra7
34. Rd1 Rc7 35. Ne5 Bf6 36. h4 Bxe5 37. fxe5 Nc4 38. Rd4 Rc8 39. Kf2 Kf8 40.
Ke1 Ke7 41. Kd1 Rh8 42. Rxc4 dxc4 43. Re4 Rc8 44. Ke2 f5 45. exf6+ Kxf6 46. Ke3
e5 47. Rg4 Rc7 48. Ke2 1/2-1/2

[Event "2. Bundesliga Ost 2015/2016"]
[Site "Wien"]
[Date "2015.10.17"]
[Round "1"]
[Board "5"]
[White "Ernst, Michael"]
[Black "Herndlbauer, Martin"]
[Result "1/2-1/2"]
[WhiteElo "2163"]
[BlackElo "2084"]
[PlyCount "97"]
[EventDate "2015.10.17"]
[EventType "team"]
[EventRounds "11"]
[EventCountry "AUT"]
[WhiteTeam "ASVOE VHS Poechlarn"]
[BlackTeam "SK Advisory Invest Baden"]

1. d4 d5 2. Nf3 Nf6 3. e3 Bg4 4. c4 c6 5. Qb3 Qb6 6. Nc3 e6 7. Nh4 Bh5 8. h3
Na6 9. g4 Bg6 10. Nxg6 hxg6 11. Bg2 Qxb3 12. axb3 Nc7 13. g5 Nd7 14. h4 Be7 15.
e4 dxe4 16. Nxe4 e5 17. dxe5 Nxe5 18. Ke2 O-O-O 19. Rh3 Ne6 20. Rxa7 Kc7 21.
Bd2 Kb8 22. Ra5 Nd7 23. Be3 Rh7 24. Nd2 Bd6 25. Nf3 Bc7 26. Ra3 Ne5 27. Rh1 Nd3
28. Rha1 Nef4+ 29. Kf1 Bd6 30. Ra8+ Kc7 31. Rxd8 Kxd8 32. Bb6+ Kc8 33. Kg1 Nxg2
34. Kxg2 Nf4+ 35. Kf1 f6 36. Rd1 Bc7 37. Bxc7 Kxc7 38. Kg1 fxg5 39. hxg5 Rh3
40. Nd4 Rh5 41. Nf3 Rh3 42. Ne5 Rxb3 43. Rd7+ Kb6 44. Rxg7 Kc5 45. Nxg6 Nh3+
46. Kg2 Nxg5 47. Ne5 Ne6 48. Rg4 Kd6 49. Nf7+ 1/2-1/2

[Event "2. Bundesliga Ost 2015/2016"]
[Site "Wien"]
[Date "2015.10.17"]
[Round "1"]
[Board "6"]
[White "Hofegger, Jakob"]
[Black "Schweitzer, Werner"]
[Result "1/2-1/2"]
[WhiteElo "1990"]
[BlackElo "2026"]
[PlyCount "144"]
[EventDate "2015.10.17"]
[EventType "team"]
[EventRounds "11"]
[EventCountry "AUT"]
[WhiteTeam "SK Advisory Invest Baden"]
[BlackTeam "ASVOE VHS Poechlarn"]

1. Nf3 Nf6 2. g3 g6 3. Bg2 Bg7 4. O-O O-O 5. Re1 d5 6. d3 c6 7. Nbd2 Nbd7 8. e4
dxe4 9. dxe4 Ng4 10. h3 Nge5 11. Nxe5 Nxe5 12. f4 Qd4+ 13. Kh2 Nd7 14. Qe2 e5
15. Nf3 Qd6 16. f5 b6 17. g4 Nc5 18. Qf2 Ba6 19. Qh4 f6 20. b3 Rad8 21. Ba3
Rfe8 22. Bf1 g5 23. Qh5 Bxf1 24. Rxf1 Qe7 25. Rad1 Qf7 26. Qxf7+ Kxf7 27. Bxc5
bxc5 28. Kg2 Bf8 29. Kf2 Bd6 30. Nd2 Bc7 31. Nc4 Rd4 32. Ke3 Red8 33. Rxd4 Rxd4
34. Rh1 Kg7 35. c3 Rd7 36. Ke2 Rd8 37. Rd1 Rxd1 38. Kxd1 h5 39. Kc2 hxg4 40.
hxg4 Kf7 41. Kd3 Ke7 42. Nb2 Kd6 43. Kc4 Ba5 44. Na4 Bb6 45. a3 Ba5 46. Nb2 Bb6
47. Nd3 a6 48. Nb2 a5 49. Kd3 Bc7 50. Na4 Bb8 51. Kd2 Bc7 52. Ke2 c4 53. bxc4
c5 54. Kd3 Kc6 55. Kc2 Bb6 56. Kb3 Kb7 57. Nb2 Ka6 58. Ka4 Bc7 59. Nd1 Bd6 60.
Ne3 Be7 61. Kb3 Kb7 62. Nf1 Kb6 63. Ng3 Ka6 64. Nh5 Kb6 65. Ng7 Ka6 66. Ka4 Kb6
67. Ne6 Bd6 68. Ng7 Be7 69. Ne8 Bd8 70. Nd6 Bc7 71. Ne8 Bd8 72. Ng7 Be7 1/2-1/2

[Event "2. Bundesliga Ost 2015/2016"]
[Site "Wien"]
[Date "2015.10.17"]
[Round "1"]
[Board "1"]
[White "Smolen, Jan"]
[Black "Videki, Sandor"]
[Result "0-1"]
[WhiteElo "2437"]
[BlackElo "2400"]
[PlyCount "64"]
[EventDate "2015.10.17"]
[EventType "team"]
[EventRounds "11"]
[EventCountry "AUT"]
[WhiteTeam "ASVOE Pamhagen"]
[BlackTeam "SC Data Technology Pressbaum/E."]

1. e4 c5 2. Nc3 Nc6 3. Bb5 Nd4 4. Bc4 e6 5. Nge2 a6 6. d3 b5 7. Bb3 Ne7 8. Nxd4
cxd4 9. Ne2 Nc6 10. O-O Bc5 11. Ng3 h5 12. f4 h4 13. Nh1 d6 14. Qg4 g6 15. Nf2
Qc7 16. a4 b4 17. e5 Bb7 18. Ne4 O-O-O 19. h3 Rh5 20. Ng5 Kb8 21. Bd2 Na5 22.
Ba2 Qd7 23. Kh1 Rf8 24. c3 b3 25. cxd4 Bxd4 26. Bxa5 bxa2 27. Bc3 dxe5 28. fxe5
Bxc3 29. bxc3 Qxd3 30. Nxe6 Rf5 31. Nf4 Qc2 32. Rfd1 Rxf4 0-1

[Event "2. Bundesliga Ost 2015/2016"]
[Site "Wien"]
[Date "2015.10.17"]
[Round "1"]
[Board "2"]
[White "Rumpl, Erwin"]
[Black "Lipka, Juraj"]
[Result "1/2-1/2"]
[WhiteElo "2334"]
[BlackElo "2411"]
[PlyCount "64"]
[EventDate "2015.10.17"]
[EventType "team"]
[EventRounds "11"]
[EventCountry "AUT"]
[WhiteTeam "SC Data Technology Pressbaum/E."]
[BlackTeam "ASVOE Pamhagen"]

1. Nf3 g6 2. g3 c5 3. Bg2 Bg7 4. O-O Nc6 5. c4 e5 6. Nc3 Nge7 7. Ne1 d6 8. Nc2
Be6 9. Ne3 Qd7 10. Ned5 O-O 11. Qa4 Rab8 12. d3 a6 13. Bg5 f6 14. Bd2 Rf7 15.
Rab1 Bh3 16. b4 Nxd5 17. Nxd5 Nd4 18. Qd1 Bxg2 19. Kxg2 f5 20. f4 b5 21. bxc5
dxc5 22. fxe5 Bxe5 23. e3 Ne6 24. a3 Nc7 25. Qf3 Nxd5 26. Qxd5 Qxd5+ 27. cxd5
Rd7 28. e4 Re8 29. Rfe1 Bd4 30. Bf4 Kf7 31. Kf3 Kf6 32. h4 Kf7 1/2-1/2

[Event "2. Bundesliga Ost 2015/2016"]
[Site "Wien"]
[Date "2015.10.17"]
[Round "1"]
[Board "3"]
[White "Maslik, Miroslav"]
[Black "Neumeier, Klaus"]
[Result "1-0"]
[WhiteElo "2333"]
[BlackElo "2284"]
[PlyCount "71"]
[EventDate "2015.10.17"]
[EventType "team"]
[EventRounds "11"]
[EventCountry "AUT"]
[WhiteTeam "ASVOE Pamhagen"]
[BlackTeam "SC Data Technology Pressbaum/E."]

1. Nf3 Nf6 2. c4 b6 3. Nc3 Bb7 4. Qc2 c5 5. e3 g6 6. a3 Bg7 7. b4 O-O 8. bxc5
bxc5 9. Rb1 Qc7 10. Be2 d6 11. O-O Nbd7 12. d4 cxd4 13. exd4 a6 14. Bd2 e5 15.
d5 Nc5 16. Na4 Nfd7 17. Be3 Rab8 18. Nxc5 Nxc5 19. Ng5 h6 20. Ne4 Nxe4 21. Qxe4
f5 22. Qh4 g5 23. Qh5 Bc8 24. c5 Rxb1 25. Rxb1 f4 26. cxd6 Qc2 27. Rc1 Qb2 28.
Rxc8 Rxc8 29. d7 Qb1+ 30. Bf1 Rd8 31. Qe8+ Kh7 32. Qxd8 fxe3 33. fxe3 Qb3 34.
Qc8 Qxe3+ 35. Kh1 Qf4 36. Bd3+ 1-0

[Event "2. Bundesliga Ost 2015/2016"]
[Site "Wien"]
[Date "2015.10.17"]
[Round "1"]
[Board "4"]
[White "Weissenbeck, Manuel"]
[Black "Vitouch, Anatol"]
[Result "0-1"]
[WhiteElo "2246"]
[BlackElo "2254"]
[PlyCount "66"]
[EventDate "2015.10.17"]
[EventType "team"]
[EventRounds "11"]
[EventCountry "AUT"]
[WhiteTeam "SC Data Technology Pressbaum/E."]
[BlackTeam "ASVOE Pamhagen"]

1. d4 f5 2. Nc3 Nf6 3. Bg5 d5 4. f3 Nc6 5. Qd2 h6 6. Bxf6 exf6 7. O-O-O Bb4 8.
a3 Ba5 9. e4 Bxc3 10. Qxc3 fxe4 11. fxe4 dxe4 12. Bc4 Qd6 13. Ne2 Bg4 14. Qe3
f5 15. h3 Bxe2 16. Bxe2 O-O 17. g4 fxg4 18. hxg4 Qf4 19. Bc4+ Kh7 20. Qxf4 Rxf4
21. g5 Raf8 22. c3 Ne7 23. Rde1 Nf5 24. gxh6 gxh6 25. Bb3 Ng3 26. Rh3 Rf1 27.
Rxf1 Rxf1+ 28. Kd2 Rf2+ 29. Ke1 Re2+ 30. Kd1 Rg2 31. Bc2 Kg7 32. c4 e3 33. Bd3
Rg1+ 0-1

[Event "2. Bundesliga Ost 2015/2016"]
[Site "Wien"]
[Date "2015.10.17"]
[Round "1"]
[Board "5"]
[White "Alvir, Aco"]
[Black "Lucaci, Marius"]
[Result "1/2-1/2"]
[WhiteElo "2368"]
[BlackElo "2146"]
[PlyCount "118"]
[EventDate "2015.10.17"]
[EventType "team"]
[EventRounds "11"]
[EventCountry "AUT"]
[WhiteTeam "ASVOE Pamhagen"]
[BlackTeam "SC Data Technology Pressbaum/E."]

1. e4 e6 2. d4 d5 3. Nc3 Nf6 4. Bg5 dxe4 5. Nxe4 Be7 6. Bxf6 Bxf6 7. Nf3 O-O 8.
Qd2 b6 9. O-O-O Bb7 10. Qf4 c5 11. Nxf6+ Qxf6 12. Qxf6 gxf6 13. dxc5 bxc5 14.
Bb5 a6 15. Ba4 Rc8 16. Nd2 c4 17. Rhe1 f5 18. Nb1 Kf8 19. g3 Nc6 20. Bxc6 Bxc6
21. Rd4 Bb5 22. Nc3 Rc5 23. Red1 Kg7 24. Rf4 Rac8 25. Rd6 R8c6 26. Rd8 Rc8 27.
Rxc8 Rxc8 28. Rd4 Rc5 29. Kd2 Bc6 30. Rd8 Bb7 31. Nd1 f4 32. Rd4 e5 33. Rd6
fxg3 34. hxg3 Bc8 35. Kc3 a5 36. Ne3 Be6 37. a3 Kf6 38. Rd8 h6 39. Rb8 Kg5 40.
Rg8+ Kh5 41. Rg7 Rc8 42. f4 exf4 43. gxf4 Rc5 44. a4 Kh4 45. Kd4 Rc7 46. f5 Bc8
47. f6 h5 48. Ng2+ Kh3 49. Nf4+ Kh4 50. Nd5 Rb7 51. Kc3 Bf5 52. Ne3 Bg6 53. Rg8
Kg5 54. Nd5 h4 55. Rh8 Bh5 56. Rg8+ Bg6 57. Rh8 Bh5 58. Rg8+ Kf5 59. Rh8 Kg5
 1/2-1/2

[Event "2. Bundesliga Ost 2015/2016"]
[Site "Wien"]
[Date "2015.10.17"]
[Round "1"]
[Board "6"]
[White "Wandl, Werner"]
[Black "Kuthan, Andreas"]
[Result "0-1"]
[WhiteElo "2073"]
[BlackElo "2214"]
[PlyCount "72"]
[EventDate "2015.10.17"]
[EventType "team"]
[EventRounds "11"]
[EventCountry "AUT"]
[WhiteTeam "SC Data Technology Pressbaum/E."]
[BlackTeam "ASVOE Pamhagen"]

1. c4 Nf6 2. Nc3 g6 3. g3 Bg7 4. Bg2 O-O 5. d3 d6 6. Bg5 c6 7. Qd2 e5 8. Nf3
Re8 9. e4 Be6 10. O-O Na6 11. b3 Qd7 12. Rad1 Bg4 13. Bh6 Bh8 14. Rc1 Nc7 15.
Ng5 Ne6 16. f3 Nxg5 17. Qxg5 Bh3 18. f4 Bxg2 19. Kxg2 exf4 20. Rxf4 Re5 21. Rf5
Rxf5 22. exf5 Qxf5 23. Qxf5 gxf5 24. h3 Re8 25. Kf3 Nd7 26. Kf4 Ne5 27. Kxf5
Nxd3 28. Rc2 Re5+ 29. Kg4 f5+ 30. Kh4 Kf7 31. Re2 Kg6 32. g4 Kxh6 33. g5+ Kg6
34. Rg2 Re3 35. Ne2 Re4+ 36. Kg3 Be5+ 0-1

[Event "2. Bundesliga Ost 2015/2016"]
[Site "Wien"]
[Date "2015.10.17"]
[Round "1"]
[Board "1"]
[White "Zilka, Stepan"]
[Black "Biolek, Richard Jr."]
[Result "1-0"]
[WhiteElo "2520"]
[BlackElo "2445"]
[PlyCount "87"]
[EventDate "2015.10.17"]
[EventType "team"]
[EventRounds "11"]
[EventCountry "AUT"]
[WhiteTeam "Blackburne Nickelsdorf"]
[BlackTeam "SK Purbach"]

1. e4 e5 2. Nf3 Nc6 3. Bc4 Bc5 4. c3 Nf6 5. d3 d6 6. O-O O-O 7. Bb3 h6 8. Nbd2
Be6 9. Bxe6 fxe6 10. b4 Bb6 11. Nc4 Nd7 12. a4 a6 13. Nxb6 Nxb6 14. Qb3 Qf6 15.
Be3 Nd7 16. d4 Kh7 17. h3 Ne7 18. Kh1 exd4 19. Nxd4 d5 20. exd5 exd5 21. c4 c6
22. Qc2+ Kh8 23. Nb3 Nf5 24. cxd5 Nxe3 25. fxe3 Qxf1+ 26. Rxf1 Rxf1+ 27. Kh2
Rf6 28. Na5 Ne5 29. Qc3 Re8 30. dxc6 bxc6 31. Nb3 Rf2 32. Nd4 Rf6 33. Nb3 Rf2
34. Nc5 Ng6 35. Qd3 Ne5 36. Qxa6 Ref8 37. Nd3 Nxd3 38. Qxd3 Rb2 39. Qd4 Rff2
40. Qe4 Rb3 41. a5 Ra2 42. Qxc6 Rxb4 43. Qc8+ Kh7 44. Qf5+ 1-0

[Event "2. Bundesliga Ost 2015/2016"]
[Site "Wien"]
[Date "2015.10.17"]
[Round "1"]
[Board "2"]
[White "Stohl, Igor"]
[Black "Schwarhofer, Christopher"]
[Result "1/2-1/2"]
[WhiteElo "2485"]
[BlackElo "2378"]
[PlyCount "63"]
[EventDate "2015.10.17"]
[EventType "team"]
[EventRounds "11"]
[EventCountry "AUT"]
[WhiteTeam "SK Purbach"]
[BlackTeam "Blackburne Nickelsdorf"]

1. d4 f5 2. g3 Nf6 3. Bg2 g6 4. Nh3 d6 5. d5 c6 6. c4 e5 7. dxe6 Bxe6 8. b3 Bg7
9. Bb2 Qe7 10. Nc3 Nh5 11. Qd2 Na6 12. O-O Rd8 13. e4 O-O 14. exf5 Bxf5 15.
Rfe1 Qd7 16. Ng5 h6 17. Nf3 Nb4 18. Nd5 Bxb2 19. Re7 Bxa1 20. Rxd7 Rxd7 21.
Nxb4 Kh7 22. Nh4 Ng7 23. Nc2 Be5 24. Ne3 Rdf7 25. Nhxf5 Nxf5 26. Nxf5 Rxf5 27.
f4 Bg7 28. Qxd6 R5f6 29. Qd3 Re6 30. Bf3 b6 31. h4 c5 32. h5 1/2-1/2

[Event "2. Bundesliga Ost 2015/2016"]
[Site "Wien"]
[Date "2015.10.17"]
[Round "1"]
[Board "3"]
[White "Lendwai, Reinhard"]
[Black "Kummer, Helmut"]
[Result "1-0"]
[WhiteElo "2360"]
[BlackElo "2295"]
[PlyCount "69"]
[EventDate "2015.10.17"]
[EventType "team"]
[EventRounds "11"]
[EventCountry "AUT"]
[WhiteTeam "Blackburne Nickelsdorf"]
[BlackTeam "SK Purbach"]

1. d4 f5 2. Nc3 d5 3. Bf4 Nf6 4. Qd3 e6 5. O-O-O Bd6 6. Nh3 O-O 7. f3 Nc6 8.
Bxd6 Qxd6 9. e4 fxe4 10. fxe4 e5 11. Nb5 Qe7 12. exd5 Nxd4 13. Nxd4 exd4 14.
Qxd4 Bg4 15. Bc4 Qd6 16. Rdf1 Bd7 17. Ng5 h6 18. Nf3 a5 19. a3 b5 20. Bb3 Rfe8
21. Re1 Rab8 22. c4 bxc4 23. Bxc4 Rxe1+ 24. Rxe1 Re8 25. Rxe8+ Bxe8 26. Ne5 Kf8
27. g3 c6 28. Qf4 Ke7 29. dxc6 Bxc6 30. Qe3 Be4 31. Qa7+ Nd7 32. Nxd7 Qxd7 33.
Qxa5 Qd4 34. Qb4+ Kd8 35. Qd2 1-0

[Event "2. Bundesliga Ost 2015/2016"]
[Site "Wien"]
[Date "2015.10.17"]
[Round "1"]
[Board "4"]
[White "Wiedermann, Daniel"]
[Black "Pinter, Erik"]
[Result "0-1"]
[WhiteElo "2135"]
[BlackElo "2370"]
[PlyCount "114"]
[EventDate "2015.10.17"]
[EventType "team"]
[EventRounds "11"]
[EventCountry "AUT"]
[WhiteTeam "SK Purbach"]
[BlackTeam "Blackburne Nickelsdorf"]

1. d4 Nf6 2. c4 g6 3. f3 Nc6 4. d5 Ne5 5. e4 d6 6. Nc3 Bg7 7. f4 Ned7 8. Nh3
O-O 9. Nf2 Nc5 10. Be3 e6 11. Be2 exd5 12. cxd5 Nfxe4 13. Bd4 Bxd4 14. Qxd4
Nxc3 15. bxc3 Re8 16. Kf1 Qe7 17. Bf3 Bd7 18. g3 Qe3 19. Kg2 Qxd4 20. cxd4 Na4
21. Rac1 Rac8 22. Rc2 Nb6 23. Rhc1 Na8 24. Rb2 Rb8 25. Rcb1 Bf5 26. Rc1 Bd7 27.
Rcb1 Nb6 28. Rc1 Rbc8 29. Rbc2 Na8 30. Rb2 b5 31. Rbc2 Kg7 32. g4 a5 33. Nd1 b4
34. Kf2 Ba4 35. Re2 Rxe2+ 36. Bxe2 Bxd1 37. Bxd1 Nb6 38. Bf3 Rb8 39. Be4 Rb7
40. Ke3 Na4 41. Bd3 Nb6 42. Be4 a4 43. Rb1 a3 44. Rc1 Na4 45. Bc2 Nc3 46. Bb3
Nxa2 47. Bxa2 b3 48. Ra1 bxa2 49. Rxa2 Rb3+ 50. Ke4 h5 51. g5 Rc3 52. f5 Kf8
53. fxg6 fxg6 54. h4 Ke7 55. Rf2 Rh3 56. Rc2 Kd7 57. Rc4 Rxh4+ 0-1

[Event "2. Bundesliga Ost 2015/2016"]
[Site "Wien"]
[Date "2015.10.17"]
[Round "1"]
[Board "5"]
[White "Vlcek, Stanislav"]
[Black "Zimmermann, Heinz"]
[Result "1/2-1/2"]
[WhiteElo "2286"]
[BlackElo "2179"]
[PlyCount "63"]
[EventDate "2015.10.17"]
[EventType "team"]
[EventRounds "11"]
[EventCountry "AUT"]
[WhiteTeam "Blackburne Nickelsdorf"]
[BlackTeam "SK Purbach"]

1. Nf3 Nf6 2. c4 g6 3. Nc3 d6 4. g3 Bg7 5. Bg2 O-O 6. O-O c5 7. d4 Nc6 8. d5
Na5 9. Nd2 a6 10. Qc2 Rb8 11. b3 b5 12. Bb2 bxc4 13. bxc4 e5 14. Nd1 Ne8 15.
Bc3 Bd7 16. e4 f5 17. exf5 gxf5 18. Rb1 Rxb1 19. Qxb1 e4 20. Qb2 Bxc3 21. Qxc3
Qb6 22. Ne3 Nb7 23. Rb1 Qc7 24. f3 exf3 25. Nxf3 Nd8 26. Ng5 Ng7 27. Bf3 Nf7
28. Ne6 Nxe6 29. dxe6 Bxe6 30. Rb7 Qd8 31. Nd5 Ne5 32. Re7 1/2-1/2

[Event "2. Bundesliga Ost 2015/2016"]
[Site "Wien"]
[Date "2015.10.17"]
[Round "1"]
[Board "6"]
[White "Heiny, Michael"]
[Black "Bachofner, Andreas"]
[Result "1/2-1/2"]
[WhiteElo "2046"]
[BlackElo "2201"]
[PlyCount "72"]
[EventDate "2015.10.17"]
[EventType "team"]
[EventRounds "11"]
[EventCountry "AUT"]
[WhiteTeam "SK Purbach"]
[BlackTeam "Blackburne Nickelsdorf"]

1. d4 e6 2. c4 f5 3. Nf3 Nf6 4. g3 d5 5. Bg2 c6 6. O-O Bd6 7. Bf4 Bxf4 8. gxf4
O-O 9. Nbd2 Qe7 10. Ne5 Kh8 11. Qb3 Nbd7 12. Ndf3 Nxe5 13. Nxe5 Ng4 14. Rac1
Nxe5 15. fxe5 b6 16. cxd5 cxd5 17. Rc2 Bd7 18. Rfc1 Rfc8 19. Rc7 Rxc7 20. Rxc7
Qd8 21. Qc3 Rc8 22. Rxc8 Qxc8 23. Qxc8+ Bxc8 24. e3 Ba6 25. f3 Bd3 26. Kf2 Kg8
27. Ke1 Kf7 28. Kd2 Bb5 29. Bh3 g5 30. Ke1 h5 31. Bg2 Bd3 32. Kd2 Bb1 33. a3 g4
34. fxg4 fxg4 35. e4 dxe4 36. Ke3 Kg7 1/2-1/2

[Event "2. Bundesliga Ost 2015/2016"]
[Site "Wien"]
[Date "2015.10.17"]
[Round "1"]
[Board "1"]
[White "Pacher, Milan"]
[Black "Baumegger, Siegfried"]
[Result "1/2-1/2"]
[WhiteElo "2471"]
[BlackElo "2466"]
[PlyCount "64"]
[EventDate "2015.10.17"]
[EventType "team"]
[EventRounds "11"]
[EventCountry "AUT"]
[WhiteTeam "SK Austria"]
[BlackTeam "tschaturanga"]

1. d4 Nf6 2. c4 e6 3. Nf3 d5 4. Nc3 Be7 5. Bf4 O-O 6. e3 b6 7. a3 Bb7 8. Nb5
Na6 9. Rc1 c5 10. Be2 cxd4 11. Nfxd4 dxc4 12. O-O Nd5 13. Be5 Nc5 14. Bxc4 a6
15. Qg4 Nf6 16. Bxf6 Bxf6 17. Nc3 Qe7 18. Rfd1 Rfd8 19. b4 Nd7 20. Qe2 Ne5 21.
Bb3 Rd6 22. Bc2 Nc6 23. Qd3 g6 24. Nf5 gxf5 25. Qxd6 Qxd6 26. Rxd6 Bxc3 27. Ba4
Bb2 28. Bxc6 Bxc1 29. Bxb7 Ra7 30. Rxb6 Bxa3 31. g3 a5 32. bxa5 Rxa5 1/2-1/2

[Event "2. Bundesliga Ost 2015/2016"]
[Site "Wien"]
[Date "2015.10.17"]
[Round "1"]
[Board "4"]
[White "Srienz, Christian"]
[Black "Druckenthaner, Andreas"]
[Result "1-0"]
[WhiteElo "2219"]
[BlackElo "2314"]
[PlyCount "101"]
[EventDate "2015.10.17"]
[EventType "team"]
[EventRounds "11"]
[EventCountry "AUT"]
[WhiteTeam "tschaturanga"]
[BlackTeam "SK Austria"]

1. c4 g6 2. Nc3 Bg7 3. g3 f5 4. Bg2 Nf6 5. d3 O-O 6. e4 d6 7. Nge2 c6 8. O-O e5
9. exf5 Bxf5 10. d4 Nbd7 11. h3 Qb6 12. g4 Be6 13. d5 cxd5 14. cxd5 Bf7 15. Be3
Qa6 16. Ng3 Rac8 17. Nge4 Nxe4 18. Nxe4 Nc5 19. Qd2 Nxe4 20. Bxe4 Be8 21. Rfc1
Bd7 22. Kg2 Bf6 23. b3 Bd8 24. Rxc8 Bxc8 25. Qc2 Bb6 26. Bxg6 Bxe3 27. Bxh7+
Kh8 28. fxe3 Bd7 29. Bd3 Qb6 30. Qe2 Qa5 31. e4 Qc3 32. Rf1 Rf4 33. Rxf4 exf4
34. Kf3 Bb5 35. Qc2 Qxd3+ 36. Qxd3 Bxd3 37. Kxf4 Kg7 38. e5 dxe5+ 39. Kxe5 Kf7
40. Kd6 Be4 41. g5 a5 42. a3 Ke8 43. h4 Bf3 44. h5 Bxh5 45. Kc7 b5 46. d6 Bg4
47. g6 Be6 48. g7 Kf7 49. d7 Bxd7 50. Kxd7 a4 51. b4 1-0

[Event "2. Bundesliga Ost 2015/2016"]
[Site "Wien"]
[Date "2015.10.17"]
[Round "1"]
[Board "5"]
[White "Higatsberger, Michael"]
[Black "Sadilek, Maximilian"]
[Result "1/2-1/2"]
[WhiteElo "2148"]
[BlackElo "2227"]
[PlyCount "89"]
[EventDate "2015.10.17"]
[EventType "team"]
[EventRounds "11"]
[EventCountry "AUT"]
[WhiteTeam "SK Austria"]
[BlackTeam "tschaturanga"]

1. e4 b6 2. d4 Bb7 3. Bd3 g6 4. Nf3 Bg7 5. O-O e6 6. Qe2 Ne7 7. c4 d6 8. Nc3
Nd7 9. Be3 h6 10. Rfd1 O-O 11. Qd2 Kh7 12. Ne1 e5 13. dxe5 Nxe5 14. Be2 f5 15.
f4 Nf7 16. Bd4 Bxd4+ 17. Qxd4 c5 18. Qd3 fxe4 19. Nxe4 Nf5 20. Nc2 Bxe4 21.
Qxe4 Qf6 22. b3 Rae8 23. Qd3 Nd8 24. Bg4 Ne6 25. Bxf5 Nxf4 26. Bxg6+ Qxg6 27.
Qxg6+ Nxg6 28. Re1 Nf4 29. Rxe8 Rxe8 30. Re1 Rxe1+ 31. Nxe1 d5 32. g3 Ne2+ 33.
Kf2 Nc3 34. cxd5 Nxd5 35. a4 Kg6 36. Kf3 Kf5 37. Nd3 Nf6 38. h3 Nd7 39. g4+ Kg5
40. Kg3 Kf6 41. Kf4 Nf8 42. h4 Ng6+ 43. Kg3 Ne7 44. Kf3 Ng6 45. Kg3 1/2-1/2

[Event "2. Bundesliga Ost 2015/2016"]
[Site "Wien"]
[Date "2015.10.17"]
[Round "1"]
[Board "6"]
[White "Leitner, Gerald"]
[Black "Rogetzer, Klaus"]
[Result "1-0"]
[WhiteElo "2216"]
[BlackElo "2084"]
[PlyCount "157"]
[EventDate "2015.10.17"]
[EventType "team"]
[EventRounds "11"]
[EventCountry "AUT"]
[WhiteTeam "tschaturanga"]
[BlackTeam "SK Austria"]

1. d4 Nf6 2. c4 g6 3. Nc3 Bg7 4. e4 d6 5. Nf3 O-O 6. Be2 e5 7. Be3 exd4 8. Nxd4
Re8 9. f3 c6 10. Nc2 d5 11. cxd5 cxd5 12. exd5 Bf5 13. Bf2 Bxc2 14. Qxc2 Nxd5
15. Nxd5 Qxd5 16. O-O Qe5 17. Bc4 Nc6 18. Qb3 Qc7 19. Bd5 Re2 20. Rab1 Rae8 21.
Rfe1 Rxe1+ 22. Rxe1 Rxe1+ 23. Bxe1 Bd4+ 24. Bf2 Qe7 25. Be4 Qc5 26. Bxd4 Nxd4
27. Qxb7 Nf5+ 28. Kf1 Ne3+ 29. Ke2 Nc4 30. Qb8+ Kg7 31. Qb3 Kg8 32. Qb8+ Kg7
33. Qb3 Kg8 34. Qc3 Qb5 35. Bd3 Qe8+ 36. Kf1 Ne3+ 37. Kg1 Qa4 38. Qc8+ Kg7 39.
Qc3+ Kg8 40. Be2 Qe8 41. Qd3 Qe5 42. Qc3 Qg5 43. g3 Nd5 44. Qd4 Qc1+ 45. Kf2
Nb6 46. Qd8+ Kg7 47. Qd4+ Kg8 48. a4 Qh1 49. Qd8+ Kg7 50. Qh4 Qa1 51. Qd4+ Kg8
52. Bd1 Nc4 53. Qxc4 Qxd1 54. b3 Qh1 55. Qh4 Qd1 56. Qc4 Qh1 57. Qh4 Qd1 58.
Qb4 Qh1 59. Qb8+ Kg7 60. g4 Qd1 61. Qxa7 Qxb3 62. Qd4+ Kg8 63. h4 Qc2+ 64. Kg3
Qc1 65. Qd8+ Kg7 66. Qd4+ Kg8 67. Qf2 Qa1 68. Qc2 Qe1+ 69. Kg2 Qxh4 70. a5 Qf6
71. Qe2 h5 72. a6 Qb6 73. gxh5 gxh5 74. Qa2 Qg6+ 75. Kh1 Qc6 76. a7 Qa8 77. Qa3
Kg7 78. Kg2 Kh6 79. Qd6+ 1-0